Pays avec l'espérance de vie la plus élevée. - Statistiques

Statistiques générales
  • Ce quiz a été pris 826 fois
  • Le résultat moyen est 10 sur 15
Statistiques - réponses
Age Pays % Correct
82.3 France
96%
84.6 Japon
92%
82.5 Canada
85%
83 Suède
83%
82.5 Espagne
82%
83.1 Italie
82%
82.8 Suisse
77%
83 Australie
73%
83.3 Islande
62%
82 Luxembourg
59%
87.2 Monaco
59%
84.2 Andorre
55%
83.5 Saint-Marin
45%
84 Singapour
39%
82.1 Israel
24%
Aucun quiz correspondant
Distribution des résultats
% des personnes avec chaque résultat
Percentile par nombre de réponses
Votre historique - résultats
Vous n’avez pas pris ce quiz